[Event "BCF-chT4 0607 (4NCL)"]
[Site "Sunningdale"]
[Date "2006.12.02"]
[Round "3.6"]
[White "Caldwell, Mark"]
[Black "Murphy, Richard LW"]
[Result "1/2-1/2"]
[WhiteElo "1840"]
[BlackElo "1745"]
[PlyCount "42"]
[EventDate "2006.09.16"]
[EventType "team"]
[EventRounds "11"]
[EventCountry "ENG"]
[SourceTitle "EXT 2008"]
[Source "ChessBase"]
[SourceDate "2007.11.25"]
[SourceVersion "1"]
[SourceVersionDate "2007.11.25"]
[SourceQuality "1"]
[WhiteTeam "Addlestone"]
[BlackTeam "Braille Chess Association"]
[WhiteTeamCountry "ENG"]
[BlackTeamCountry "ENG"]

1. e4 e6 2. Nf3 d5 3. e5 c5 4. d3 Nc6 5. Be2 Nge7 6. 0-0 Ng6 7. d4 cxd4 8. Bb5 Bd7 9. Bxc6 Bxc6 10. Qxd4 Be7 11. Nc3 0-0 12. Bf4 b6 13. Bg3 Rc8 14. Qd3 Bb7 15. Rad1 Re8 16. a3 Qd7 17. Rfe1 Rc7 18. Rd2 Rec8 19. Ne2 Qa4 20. Nc3 Qd7 21. Ne2 Qa4 1/2-1/2